|
|
|
|
| LEADER |
01245nam a2200253 u 4500 |
| 001 |
10004678 |
| 003 |
upatras |
| 005 |
20220119134715.0 |
| 008 |
881025s2006 gr a gre |
| 952 |
|
|
|0 0
|1 0
|2 ddc
|4 0
|6 759_300000000000000_ΑΛΜ
|7 0
|9 206870
|a LISP
|b LISP
|c BSC
|d 2016-10-26
|i 092135
|l 0
|o 759.3 ΑΛΜ
|p 025000162082
|r 2016-10-26 00:00:00
|t 1
|w 2016-10-26
|y BK15
|
| 999 |
|
|
|c 125781
|d 125781
|
| 040 |
|
|
|a GR-PaULI
|c GR-PaULI
|b gre
|
| 082 |
0 |
4 |
|a 759.3
|
| 245 |
0 |
0 |
|a Άλμπρεχτ Ντύρερ :
|b ξυλογραφίες αντίγραφα σε μέγεθος πρωτοτύπου /
|c επιμέλεια Barbara Barsch, Karin Lisewski
|
| 260 |
|
|
|a Θεσσαλονίκη :
|b Goethe Institute,
|c 1996
|
| 300 |
|
|
|a 18 σ. :
|b εικ. ;
|c 30 εκ.
|
| 500 |
|
|
|a Μια έκθεση του Ινστιτούτου Διεθνών Σχέσεων Υπηρεσία Εκθέσεων Βερολίνου 1992
|
| 504 |
|
|
|a
|
| 600 |
|
0 |
|9 157869
|a Durer, Albrecht,
|d 1471-1528
|x Εκθέσεις
|
| 650 |
|
0 |
|9 157870
|a Ζωγράφοι
|x Εκθέσεις
|z Γερμανία
|
| 700 |
|
|
|9 157866
|a Barsch, Barbara
|e επιμελήτρια
|
| 700 |
|
|
|9 157867
|a Lisewski, Karin
|e επιμελήτρια
|
| 942 |
|
|
|2 ddc
|c BK15
|
| 998 |
|
|
|c ΜΠΟΥΡΑΣ
|d 2016-10
|